1100 1799 1498 1357 1724 1868 1078 1788 1737 1048 1764 1557 1433 1195 1563 1769 1373 1207 1530 1552 1683 1255 1840 1342 1208 1904 1972 1590 1658 1876 1590 1884 1211 1834 1655 1995 1805 1098 1293 1220 1831 1474 1584 1206 1850 1464 1727 1401 1439 1680 1620 1431 1925 1068 1970 1720 1412 1602 1258 1239 1891 1546 1050 1556 1182 1582 1910 1226 1541 1052 1583 1310 1967 1991 1721 1332 1932 1228 1827 1470 1020 1812 1065 1765 1332 1117 1589 1909 1339 1781 1129 1671 1992 1043 1684 1828 1566 1635 1677 BCNSPRNW ULIB Ver.6.0+V

เปลี่ยนเป็นภาษาไทย

Change to English
 แสดงรายละเอียดบรรณานุกรม
  กลับหน้าหลัก

Brief Record : Get Marc (ISO 2709) : E-mail record : QR code < ปิดหน้าต่าง
LEADER : 00000nam 2200000uu 4500
001    13399126128
003     ULIB
008    020711s2014 th a 000 0 eng d
020    ^a9780134053448
050    ^aPE1128^bP44L
100    ^aPhillips, Deborah.
245    ^aLongman Introductory Course for the TOEFL Test : iBT/^bPhillips, Deborah.
250    ^a2nd ed
260    ^aNY :^bPearson Education, Inc.,^c2014
300    ^a507 pages;^b30 cm
650    ^aTest of English as a Foreign Language-Study guides.
945    ^p637^l0^i004224
945    ^p637^l0^i004225
999    ^aประนอม เกษจรัล
รายการนี้ยังไม่มีแท็ก
คุณยังไม่ได้ล็อกอิน คุณสามารถมีกิจกรรมร่วมกับเว็บไซต์ได้ แต่ต้องล็อกอินก่อน ::
  ล็อกอิน

รายการสื่อสารสนเทศ

ลำดับที่ ประเภท เลขเรียก/บาร์โค้ด สถานที่ สถานะ
1. วิทยาศาสตร์การแพทย์ และสุขภาพ
หนังสือสำรอง
สถานะ=หนังสือสำรอง
PE1128 P44L ฉ.1 
  Barcode: 004224
ห้องสมุดวิทยาเขตสวรรค์ประชารักษ์
►หนังสือทั่วไป
บนชั้น
2. วิทยาศาสตร์การแพทย์ และสุขภาพ
วิทยาศาสตร์การแพทย์ และสุขภาพ
PE1128 P44L ฉ.2 
  Barcode: 004225
ห้องสมุดวิทยาเขตสวรรค์ประชารักษ์
►หนังสือทั่วไป
บนชั้น

BibComment


ยังไม่เคยถูกคอมเมนท์

คอมเมนท์ทรัพยากรรายการนี้
  คอมเมนท์: Longman Introduc..


 Copyright 2026. Bcnsprnw @Library